Drapeaux similaires 2 - Statistiques

Statistiques générales
  • Ce quiz a été pris 145 fois
  • Le résultat moyen est 16 sur 17
Statistiques - réponses
Par images Réponse % Correct
Croatie
99%
Norvège
99%
Qatar
99%
Colombie
98%
Finlande
98%
Islande
98%
Suède
98%
Danemark
97%
Equateur
97%
Slovaquie
96%
Slovènie
96%
Venezuela
95%
Irak
93%
Serbie
93%
Syrie
92%
Bahrein
91%
Yemen
79%
Aucun quiz correspondant
Distribution des résultats
% des personnes avec chaque résultat
Percentile par nombre de réponses
Votre historique - résultats
Vous n’avez pas pris ce quiz